Complex variables and applications (Record no. 3507)

000 -LEADER
fixed length control field 00586nam a22002297a 4500
001 - CONTROL NUMBER
control field 3507
003 - CONTROL NUMBER IDENTIFIER
control field BD-DhUET
008 - FIXED-LENGTH DATA ELEMENTS--GENERAL INFORMATION
fixed length control field 141101b xxu||||| |||| 00| 0 eng d
020 ## - INTERNATIONAL STANDARD BOOK NUMBER
International Standard Book Number 0070108552
040 ## - CATALOGING SOURCE
Transcribing agency 0
Modifying agency BD-DhUET
082 ## - DEWEY DECIMAL CLASSIFICATION NUMBER
Classification number 517.8
Item number CHU/1974
100 ## - MAIN ENTRY--PERSONAL NAME
Personal name Churchill, Ruel V.
245 ## - TITLE STATEMENT
Title Complex variables and applications
250 ## - EDITION STATEMENT
Edition statement 3rd ed.
260 ## - PUBLICATION, DISTRIBUTION, ETC. (IMPRINT)
Place of publication, distribution, etc. New York
Name of publisher, distributor, etc. McGraw-Hill
Date of publication, distribution, etc. 1974
300 ## - PHYSICAL DESCRIPTION
Extent x, 332 p.
Other physical details ill.
Dimensions 23 cm.
504 ## - BIBLIOGRAPHY, ETC. NOTE
Bibliography, etc Includes bibliographies
650 #0 - SUBJECT ADDED ENTRY--TOPICAL TERM
Topical term or geographic name as entry element Complex variables
700 ## - ADDED ENTRY--PERSONAL NAME
Personal name Brown, James W.
700 ## - ADDED ENTRY--PERSONAL NAME
Personal name Verhey, Roger F.
942 ## - ADDED ENTRY ELEMENTS (KOHA)
Koha item type General Book
Holdings
Koha item type Not for loan Koha renewals Damaged status Koha date last seen Koha normalized classification for sorting Piece designation (barcode) Shelving location Withdrawn status Sublocation or collection (holding branch) Lost status Date acquired Koha date last borrowed Location (home branch) Koha full call number Source of classification or shelving scheme Price effective from Copy number
General Book   2014-11-01517_800000000000000_CHU_197439411Circulation section Central Library, BUET 2014-11-01 Central Library, BUET517.8/CHU/1974 2014-11-011
General Book   2014-11-01517_800000000000000_CHU_197443301Circulation section Central Library, BUET 2014-11-01 Central Library, BUET517.8/CHU/1974 2014-11-012
General Book   2014-11-01517_800000000000000_CHU_197445109Circulation section Central Library, BUET 2014-11-01 Central Library, BUET517.8/CHU/1974 2014-11-013
General Book   2016-05-18517_800000000000000_CHU_197452889Circulation section Central Library, BUET 2014-11-01 Central Library, BUET517.8/CHU/1974 2014-11-014
General Book   2016-04-02517_800000000000000_CHU_197437655Circulation section Central Library, BUET 2014-11-17 Central Library, BUET517.8/CHU/1974 2014-11-175
General Book 2 2016-08-30517_800000000000000_CHU_197458032Circulation section Central Library, BUET 2014-11-17 Central Library, BUET517.8/CHU/1974 2014-11-176
General Book   2015-05-03517_800000000000000_CHU_197452887Circulation section Central Library, BUET 2015-05-030000-00-00Central Library, BUET517.8/CHU/1974 2015-05-037
General Book   2015-05-03517_800000000000000_CHU_197437654Circulation section Central Library, BUET 2015-05-03 Central Library, BUET517.8/CHU/1974 2015-05-038
General Book   2015-05-04517_800000000000000_CHU_197439412Circulation section Central Library, BUET 2015-05-04 Central Library, BUET517.8/CHU/1974 2015-05-049
General Book   2015-05-20517_800000000000000_CHU_197458033Circulation section Central Library, BUET 2015-05-20 Central Library, BUET517.8/CHU/1974 2015-05-2010
Reading Item   2015-06-13517_800000000000000_CHU_197424535Reading section Central Library, BUET 2015-06-13 Central Library, BUET517.8/CHU/1974 2015-06-1311
General Book   2015-07-13517_800000000000000_CHU_197443304Circulation section Central Library, BUET 2015-07-13 Central Library, BUET517.8/CHU/1974 2015-07-1312